000 00816nam a22002297a 4500
999 _c19155
_d19155
003 AR-CdUCM
008 190516b ||||| |||| 00| 0 spa d
040 _aMUNICIPALIDAD PROVINCIAL DEL CUSCO
_cBIBLIOTECA MUNICIPAL DEL CUSCO
041 _hger
082 _a131.34 /
_bST79
100 _aStekel, Wilhelm
_95610
245 _aEl querido ego /
260 _aBuenos Aires :
_bEdiciones Imán,
_c1960.
300 _a185 páginas ;
_c21 cm.
440 _aBiblioteca Psicoanalítica.
_97904
505 _aContenido: El querido ego -- La lucha de los sexos -- Metas de la vida -- Mali-Mali -- Hombres a medias -- La duda -- El opio psíquico ...
650 _aPsicología
_91538
650 _aEl ego
_940336
700 _aGrieben, Carlos F. (traducción)
_940337
942 _2ddc
_cLIBROS
945 _aachl
_d2019-05-16